| 000 | 01235cam a22002175a 4500 | ||
|---|---|---|---|
| 001 | L138013 | ||
| 008 | 070511e2007 xxk f 100 0 eng d | ||
| 035 | _a(Sirsi) u138013 | ||
| 041 | 0 | _aeng | |
| 100 | 1 | _aKirkham, Richard J. | |
| 245 | 0 | 4 |
_aThe application of data envelopment analysis for performance measurement of the UK national health service estate portfolio _h[electronic resource] |
| 260 | _c2005 | ||
| 490 | 0 |
_aCOBRA _v2005 |
|
| 520 | _aDiscusses how NHS trusts are required to provide information on estate operational costs. Proposes an alternative approach to measuring the performance of the estate through the use of Data Envelopment Analysis techniques which could provide information on the technical efficiency of building assets and allow NHS Trusts to identify where efficiency improvements are necessary. | ||
| 651 | 4 |
_aUnited Kingdom _y |
|
| 690 | _aPROPERTY-COMMERCIAL PROPERTY-COMMERCIAL PROPERTY MANAGEMENT | ||
| 700 | 1 | _aBoussabaine, A. Halim | |
| 711 | 2 |
_aConstruction and Building Research Conference _cUniversity of Queensland, Brisbane _d4-5 July 2005 |
|
| 856 | 4 | 0 |
_uhttps://www.rics.org/site/scripts/download_info.aspx?downloadID=1731 _zView the item free of charge at www.rics.org... |
| 942 | _n0 | ||
| 999 |
_c78768 _d78768 |
||